000
00255nam a2200097Ia 4500
008
190216s9999||||xx |||||||||||||| ||und||
100
_a
Thrimbuvan Singh
245
0
_a
Hindi-Kadi Lohi Kavya Mie Abhivanyana
260
_b
Mac Millian And Com. Ltd
942
_c
BK
999
_c
17636
_d
17636